000 00634cam a22002053a 4500
001 44268
003 PGUSA
005 20140828084018.0
008 131124s2013||||xxu|||||s|||||000 | eng d
040 _aPGUSA
_beng
042 _adc
100 1 _aSealsfield, Charles
245 1 4 _aThe Americans as They Are :
_bDescribed in a tour through the valley of the Mississippi
_h[electronic resource] /
_cCharles Sealsfield
260 _bProject Gutenberg,
_c2013
506 _aPublic domain in the USA.
516 _aElectronic text
830 0 _aProject Gutenberg
_v44268
856 4 0 _uhttp://www.gutenberg.org/ebooks/44268
942 _cEB
999 _c273519
_d273519